000 00709nam a2200289Ia 4500
005 20260324111841.0
008 008 260324s9999 xx 000 0 eng d
020 _a9781003562597
037 _aEBOOK
040 _aCRL
040 _beng
040 _cCRL
041 _2eng
041 _aeng
084 _qCRL
100 _aGrégory Dufaud; Isabelle Lémonon-Waxin
_91140284
245 0 _aWomen, Gender, and Technosciences, 1900–2020
245 2 _bA Beard to Govern
260 _bTaylor and Francis
260 _c2025
365 _a
365 _b230
856 _uhttp://www.taylorfrancis.com/books/9781003562597
942 _cEBOOK
999 _c1729226
_d1729226